000 00545nam a2200193 a 4500
005 20140310183415.0
008 070914s19uu xx 00 eng d
020 _a0470087277
050 _aHD 62.5
_b.H37337 2005
100 _aHarper, Stephen
245 _aExtraordinary entrepreneurship /
_cStephen Harper
260 _aNew Jersey :
_bJohn Wiley & Sons,
_c2005.
300 _a436 p. :
_bill. ;
_c24 cm.
521 _aBSBA
650 _aNew business enterprises.
650 _aEntrepreneurship.
942 _cBK
_2lcc
_kFOR
999 _c22568
_d22568